00210nam a22000977a 4500003000400000082001300004100001800017245003900035260003000074300000800104SGT a370bNIS aNISHA, MAIMUN aINTRODUCTION TO CHILD DEVELOPMENT  aDELHI bISHA BOOKS c2006 a246